Las variedades de la religión hoy (Registro nro. 46496)

Detalles MARC
000 -ENCABEZADO
Número de control [NR] 00907nam a2200253Ia 4500
008 - DE LONGITUD FIJA DE DATOS DE ELEMENTOS - INFORMACIÓN GENERAL
Elementos de longitud fija [NR] 130821s2003 sp gr spa
020 ## - NUMERO INTERNACIONAL NORMALIZADO PARA LIBROS [R]
Número Internacional Normalizado del libro [NR] 8449314461
040 ## - FUENTE DE CATALOGACION [NR]
Agencia de catalogación original [NR] Co-BoUCM
Idioma de catalogación [NR] spa
041 00 - CODIGO DE IDIOMA [R]
Código de idioma para texto/pista de sonido o título separado [R] Español
100 1# - ASIENTO PRINCIPAL--NOMBRE PERSONAL [NR]
Nombre personal [NR] Taylor, Charles
Fechas asociadas con el nombre [NR] 1931-
ID Autoridad 81539
245 14 - MENCION DE TITULO [NR]
Título [NR] Las variedades de la religión hoy
Mención de responsabilidad, etc. [NR] Charles Taylor; traducción de Ramón Vilá Vernis
260 ## - PUBLICACION, DISTRIBUCION, ETC. (PIE DE IMPRENTA) [R]
Lugar de publicación, distribución, etc. [R] Barcelona (España)
Nombre del editor, distribuidor, etc. [R] Paidós
Fecha de publicación, distribución, etc. [R] 2003
300 ## - DESCRIPCION FISICA [R]
Extensión [R] 126 páginas
490 ## - MENCION DE SERIE [R]
Mención de serie [R] Paidós Studio
Designación numérica/secuencial del volumen [NR] 158.
504 ## - NOTA DE BIBLIOGRAFIA, ETC. [R]
Nota de bibliografía, etc. [NR]
600 ## - ASIENTO SECUNDARIO DE MATERIA - NOMBRE PERSONAL [R]
Nombre personal [NR] James, William
Fechas asociadas con el nombre [NR] 1842-1910
Subdivisión general [R] Crítica e interpretación, etc.
9 (RLIN) 161994
650 04 - ASIENTO SECUNDARIO DE MATERIA - TERMINO TEMATICO [R]
Término temático o nombre geográfico como elemento de entrada [NR] Experiencia religiosa
9 (RLIN) 15435
650 04 - ASIENTO SECUNDARIO DE MATERIA - TERMINO TEMATICO [R]
Término temático o nombre geográfico como elemento de entrada [NR] Filosofía de la religión
9 (RLIN) 15775
650 04 - ASIENTO SECUNDARIO DE MATERIA - TERMINO TEMATICO [R]
Término temático o nombre geográfico como elemento de entrada [NR] Religión y sociología
9 (RLIN) 23516
700 1# - ASIENTO SECUNDARIO - NOMBRE PERSONAL [R]
Nombre personal [NR] Vila VERNIS, Ramón
Término de relación [R]
9 (RLIN) 127544
765 10 - ASIENTO DE IDIOMA ORIGINAL [R]
Título [NR] Varietes of religion today.
942 ## - ELEMENTOS DE ENTRADA AGREGADOS (KOHA)
Tipo de ítem principal el descrito en 300a Libro
Tema principal Religión
Edición 1
Parte restante de la signatura top. T238v
Sistema de clasificación DEWEY
Clasificación 200.1
Existencias
Fecha de último préstamo Total préstamos Total Renewals Signatura topográfica Código de barras Última vez visto Ejemplar Price effective from Tipo de ítem Perdido Sistema de clasificación Dañado No prestable Tipo de ítem específico Suprimido Ubicación habitual Ubicación actual Localización Fecha de creación Forma de adquisición Costo
30/01/2019 29 11 200.1 T238v 100073014 05/12/2025 Ej.1 03/02/2013 Libro   DEWEY     Libro   Claustro Claustro 2do piso 28/02/2005 Compra 29050.00